000 00588nam a2200241 a 4500
001 nice12345678
003 IN_TiNIC
005 20260116011736.0
008 050524s1972 hyda grp 000 0 hin
020 _a
_c2
082 0 0 _a264.1
_bHAN
100 _aHans, Earnest
245 _aMasihi Prarthana Sarita
260 _aHyderabad
_bHenry Martyn Institute
_c1972
300 _a64p
500 _aincludes index and biblioraphy
505 2 _aNotes and foot notes
650 _aChristianity-Prayer
700 1 _aHans, Earnest
902 _bSRS
942 _cBK
999 _c3624
_d3624